Fr. Conceicao Rodrigues College of Engineering

Work Shop Calculation & science (Record no. 30125)

MARC details
000 -LEADER
fixed length control field 00331nam a2200145Ia 4500
100 ## - MAIN ENTRY--PERSONAL NAME
Personal name Sethi.G.S/ Kakkar/ K.
245 ## - TITLE STATEMENT
Title Work Shop Calculation & science
260 ## - PUBLICATION, DISTRIBUTION, ETC.
Name of publisher, distributor, etc. Tata McGraw Hill
Place of publication, distribution, etc. NEW DELHI
Date of publication, distribution, etc. 1991
300 ## - PHYSICAL DESCRIPTION
Extent 112
490 ## - SERIES STATEMENT
Volume/sequential designation ITI
546 ## - LANGUAGE NOTE
Language note ENGLISH
654 ## - SUBJECT ADDED ENTRY--FACETED TOPICAL TERMS
Focus term Work Shop Calculation
942 ## - ADDED ENTRY ELEMENTS (KOHA)
Koha item type BOOK
Holdings
Withdrawn status Lost status Damaged status Not for loan Collection Home library Current library Shelving location Date acquired Total Checkouts Full call number Barcode Date last seen Price effective from Koha item type
        AFT Fr. Agnel's C.Rodrigues College of Engineering Fr. Agnel's C.Rodrigues College of Engineering   17/03/2023   AFT6413 17/03/2023 17/03/2023 BOOK
        AFT Fr. Agnel's C.Rodrigues College of Engineering Fr. Agnel's C.Rodrigues College of Engineering   17/03/2023   AFT6414 17/03/2023 17/03/2023 BOOK
        AFT Fr. Agnel's C.Rodrigues College of Engineering Fr. Agnel's C.Rodrigues College of Engineering   17/03/2023   AFT6415 17/03/2023 17/03/2023 BOOK
        AFT Fr. Agnel's C.Rodrigues College of Engineering Fr. Agnel's C.Rodrigues College of Engineering   17/03/2023   AFT6416 17/03/2023 17/03/2023 BOOK